Taille unique /

Guardat en:
Dades bibliogràfiques
Autor principal: Dumas, Cecile, (1967- ) (Autor)
Format: Llibre
Idioma:francès
Publicat: Paris : KTM, 2001
Etiquetes: Afegir etiqueta
Sense etiquetes, Sigues el primer a etiquetar aquest registre!

MARC

LEADER 00000nam a22000007i 4500
001 IT\ICCU\UBO\1851923
003 ItRI
005 20260115231840.0
008 021010s2001 fr |||||| ||||| |||||c
020 |a 2913066062 
040 |b ita  |c importazione bologna sebina 
041 7 |a fre  |2 ISO-639-2 
100 1 |a Dumas, Cecile,  |d  (1967- )  |0 IT\ICCU\UBOV\697159  |4 aut 
245 1 0 |a Taille unique /  |c Cécile Dumas. 
260 |a Paris :  |b KTM,  |c 2001 
300 |a 203 p. ;  |c 20 cm. 
942 |2 ddc  |c BK  |n 0 
952 |0 0  |1 0  |4 0  |6 L_843_910000000000000_DUM  |7 0  |9 14212  |a BO  |b BO  |d 2026-01-15  |i 6635  |l 0  |o L 843.91 DUM  |p BO6635  |r 2026-01-15 23:18:40  |w 2026-01-15  |x [Sebina 5] [1 v.]  |y BK  |z 1 v. 
999 |c 12262  |d 12262